Southville International School and Colleges
Your cart is empty.
  • Cart
  • Lists
    Public lists Eva Luna New books Lux_list list_1
    Your lists Log in to create your own lists
  • Log in to your account
  • Your cookies
  • Search history
Southville International School and Colleges
  • Advanced search
  • Recent comments
  • Most popular
  • Libraries

Log in to your account

Log in with GOOGLE


If you do not have an external account, but do have a local account, you can still log in:

  1. Home
  2. MARC view: Entrepreneurship and small firms /
Normal view MARC view ISBD view

Entrepreneurship and small firms / (Record no. 25243)

[ view plain ]
MARC details
000 -LEADER
fixed length control field 00781nam a2200265 a 4500
005 - DATE AND TIME OF LATEST TRANSACTION
control field 20140310183611.0
008 - FIXED-LENGTH DATA ELEMENTS--GENERAL INFORMATION
fixed length control field 120825s19uu xx 00 eng d
020 ## - INTERNATIONAL STANDARD BOOK NUMBER
International Standard Book Number 9780071288774
050 ## - LIBRARY OF CONGRESS CALL NUMBER
Classification number HB 615
Item number .D43 2010
100 ## - MAIN ENTRY--PERSONAL NAME
Personal name Deakins, David
245 ## - TITLE STATEMENT
Title Entrepreneurship and small firms /
Statement of responsibility, etc David Deakins
250 ## - EDITION STATEMENT
Edition statement 5th ed.
260 ## - PUBLICATION, DISTRIBUTION, ETC. (IMPRINT)
Place of publication, distribution, etc London :
Name of publisher, distributor, etc McGraw Hill,
Date of publication, distribution, etc 2010.
300 ## - PHYSICAL DESCRIPTION
Extent xx, 332 p. :
Other physical details ill. ;
Dimensions 25 cm.
500 ## - GENERAL NOTE
General note Includes index.
521 ## - TARGET AUDIENCE NOTE
Target audience note
650 ## - SUBJECT ADDED ENTRY--TOPICAL TERM
Topical term or geographic name as entry element Entrepreneurship
General subdivision Great Britain
650 ## - SUBJECT ADDED ENTRY--TOPICAL TERM
Topical term or geographic name as entry element Small business
General subdivision Great Britain
650 ## - SUBJECT ADDED ENTRY--TOPICAL TERM
Topical term or geographic name as entry element Small business
General subdivision Management
650 ## - SUBJECT ADDED ENTRY--TOPICAL TERM
Topical term or geographic name as entry element New Business enterprises
650 ## - SUBJECT ADDED ENTRY--TOPICAL TERM
Topical term or geographic name as entry element New business enterprises
General subdivision Greatv Britain
700 ## - ADDED ENTRY--PERSONAL NAME
Personal name Freel, Mark
942 ## - ADDED ENTRY ELEMENTS (KOHA)
Koha item type Books
Source of classification or shelving scheme Library of Congress Classification
Call number prefix Foreign
Holdings
Withdrawn status Lost status Source of classification or shelving scheme Damaged status Home library Current library Shelving location Date acquired Total Checkouts Full call number Barcode Date last seen Copy number Price effective from Koha item type
    Library of Congress Classification   College Library College Library General Circulation Section 08/25/2012   HB 615 .D43 2010 C15234 05/15/2018 1 10/18/2013 Books

Entrepreneurship and small firms /

APA

Deakins D., Freel M., . (2010). Entrepreneurship and small firms. London: McGraw Hill.

Chicago

Deakins David, Freel Mark, . 2010. Entrepreneurship and small firms. London: McGraw Hill.

Harvard

Deakins D., Freel M., . (2010). Entrepreneurship and small firms. London: McGraw Hill.

MLA

Deakins David, Freel Mark, . Entrepreneurship and small firms. London: McGraw Hill. 2010.

  • Place hold
  • Print
  • Cite
  • Add to your cart (remove)
  • Save record
    BIBTEX Dublin Core MARCXML MARC (non-Unicode/MARC-8) MARC (Unicode/UTF-8) MARC (Unicode/UTF-8, Standard) MODS (XML) RIS
  • More searches
    Search for this title in:
    Other Libraries (WorldCat) Other Databases (Google Scholar) Online Stores (Bookfinder.com) Open Library (openlibrary.org)

Exporting to Dublin Core...

SOUTHVILLE LIBRARY

Southville International School and Colleges Library

1281 Tropical Ave. Cor. Luxembourg St., BF Homes International, Las Pinas City

Tel. No. 8256374 / 252358 Loc. 117/146

Powered by Koha